轨道交通标志色大赏——南京篇 - Statistics

General Stats
  • This quiz has been taken 44 times
  • The average score is 14 of 14
Answer Stats
标志色 线路 % Correct
4A7729 7号线
100%
009ACE 1号线
98%
B9975B 10号线
98%
A6093D 2号线
98%
009A44 3号线
98%
7D55C7 4号线
98%
F2DA51 5号线
98%
4BBBB4 S1号线(机场线)
98%
FF6314 S4号线(宁滁线)
98%
C98BDB S6号线(宁句线)
98%
B46B7A S7号线(宁溧线)
98%
FF8000 S8号线(宁天线)
98%
FFC600 S9号线(宁高线)
98%
BA84AC S3号线(宁和线)
95%
No matching quizzes found
Score Distribution
Percent of People with Each Score
Percentile by Number Answered
Your Score History
You have not taken this quiz